Práca s tlačou v Severomoravskom kraji

Bibliographic Details
Main Author: Kanyzová, Anna (Author)
Format: Article
Language:Slovak
Subjects:

MARC

LEADER 00000nab a2200000 a 4500
001 vtls010068113
003 SK-MaSNL
005 20260303050747.0
008 140414c19731003xo d n 0 slo
015 |a SNBRB2010/02  |2 snkbucl 
040 |a SNKBUCL  |b slo  |c SNKBUCL  |e AACR2 
041 0 |a slo 
044 |a xo  |c SK 
080 |a 027  |x (437.1/.2)  |2 2001 
080 |a 070  |2 2001 
100 1 |a Kanyzová, Anna  |4 aut  |9 200911 
245 1 0 |a Práca s tlačou v Severomoravskom kraji  |c A. Kanyzová 
650 0 7 |a knižnice  |2 snkbucl  |9 17965 
650 0 7 |a práca s tlačou  |2 snkbucl  |9 1039368 
651 7 |a Severomoravský kraj  |2 snkbucl  |9 937601 
773 0 |t Čitateľ  |g Roč. 22, č. 10 (1973), s. 372-373 
850 |a Slovenská národná knižnica v Martine  |a MTA001 
852 |a SNK  |b KIS3GCP 
958 |a CZ 
972 |a clsnk11 
972 |a clsnk11/10 
999 |c 1708813  |d 1710743